An untouchable community in south Indian (Record no. 1376602)

MARC details
000 -LEADER
fixed length control field 00455nam a2200169Ia 4500
005 - DATE AND TIME OF LATEST TRANSACTION
control field 20250508162439.0
008 - FIXED-LENGTH DATA ELEMENTS--GENERAL INFORMATION
fixed length control field 008 250505s9999 xx 000 0 eng d
037 ## - SOURCE OF ACQUISITION
Stock number Textual
040 ## - CATALOGING SOURCE
Original cataloging agency FEDL
Language of cataloging eng
Transcribing agency FEDL
041 ## - LANGUAGE CODE
Language code of text/sound track or separate title eng
Source of code eng
084 ## - COLON CLASSIFICATION NUMBER
Classification number 371.97, MOF
Assigning agency FEDL
100 ## - MAIN ENTRY--PERSONAL NAME
Personal name Moffatt Michael
245 #3 - TITLE STATEMENT
Title An untouchable community in south Indian
300 ## - PHYSICAL DESCRIPTION
Extent xliii,323p.
942 ## - ADDED ENTRY ELEMENTS (KOHA)
Koha item type Textual
Classification part 371.97, MOF
Holdings
Withdrawn status Lost status Damaged status Not for loan Home library Current library Date acquired Total Checkouts Full call number Barcode Date last seen Price effective from Koha item type
        Department of Education Library Department of Education Library 2025-05-08   371.97, MOF EL0068053 2025-05-08 2025-05-08 Textual
Copyright @ Delhi University Library System